000 01407cam a2200157 4500500
005 20260222001037.0
041 _afre
042 _adc
100 1 0 _aBennabi-Bensekhar, Malika
_eauthor
245 0 0 _aCuando una guerra y sus consecuencias alteran las relaciones familiares: El caso de los harkis
260 _c2025.
500 _a15
520 _aEste artículo adopta una perspectiva clínica e histórica para ofrecer una visión de la guerra de Argelia (1954-1962) tal y como se vivió «desde la perspectiva de un niño». También reconstruye la trayectoria de una familia atrapada en el destino de los harkis, desde su comunidad rural hasta su exilio en Francia en diferentes lugares de relegación. El relato pone de relieve las amnesias y los traumas que se transmiten de generación en generación, al tiempo que revela la persistencia de los resentimientos inherentes a las heridas generadas por la Historia. De este modo, ilustra uno de los aspectos de las dificultades para conciliar los recuerdos debido a una guerra que ha difractado los lazos familiares desde el contexto colonial y, más allá, en el exilio, al tiempo que ha modificado el juego de los lazos en las dimensiones horizontales y transgeneracionales.
786 0 _nDialogue | 250 | 4 | 2025-12-15 | p. 53-70 | 0242-8962
856 4 1 _uhttps://shs.cairn.info/revista-dialogue-2025-4-page-53?lang=es&redirect-ssocas=7080
999 _c1664149
_d1664149